El impacto de la crisis en América Central /

El artículo sostiene que, para enfrentar la crisis económica, los gobiernos de la región podrían desarrollar políticas monetarias más expansivas que inyecten liquidez, además de encarar acciones estructurales, como la eliminación de los obstáculos al comercio intrarregional para ofrecer alternativas...

Mô tả đầy đủ

Đã lưu trong:
Chi tiết về thư mục
Tác giả chính: Aráuz L., Alejandro
Định dạng: Texto
Những chủ đề:
Các nhãn: Thêm thẻ
Không có thẻ, Là người đầu tiên thẻ bản ghi này!

MARC

LEADER 00000 a a2200000 04500
001 10941
003
040
100 |a Aráuz L., Alejandro  
245 |a El impacto de la crisis en América Central /  |c Alejandro Aráuz L. 
520 |a El artículo sostiene que, para enfrentar la crisis económica, los gobiernos de la región podrían desarrollar políticas monetarias más expansivas que inyecten liquidez, además de encarar acciones estructurales, como la eliminación de los obstáculos al comercio intrarregional para ofrecer alternativas cercanas a los productores  
650 |a CRISIS ECONOMICAS  
650 |a ASPECTOS SOCIALES  
650 |a POLITICAS MONETARIAS  
650 |a LIBERALIZACION DE MERCADOS FINANCIEROS  
650 |a AMERICA LATINA  
773 |g número 220; páginas 15-28  
999 |c 30527  |d 30527